| 000 | 00665nam a2200217 a 4500 | ||
|---|---|---|---|
| 001 | 010912 | ||
| 003 | BD-ChCU | ||
| 008 | Ben | ||
| 020 | _a৯৮৪০৭৩৯৭১৭ | ||
| 040 |
_aDLC _cDLC _dBD-ChCU |
||
| 082 | 0 | 0 | _a১৮৪/ফার৩৪প্রে |
| 100 | 1 |
_aফারুক, গোলাম _b- |
|
| 245 | 1 | 0 |
_aপ্লেটো _bদর্শন ও রাষ্ট্রচিন্তা |
| 250 | _a*** | ||
| 260 |
_aঢাকা _bবাংলা একাডেমী _c১৯৯১ |
||
| 300 | _a** | ||
| 504 | _a- Biblio- | ||
| 650 | 0 |
_aদর্শন _bপ্লেটো দর্শন |
|
| 700 | 1 | _a- | |
| 942 |
_2ddc _cBK |
||
| 999 |
_c10912 _d10912 |
||